| 000 | 00410nam a22001457a 4500 | ||
|---|---|---|---|
| 082 |
_a891.439309 _bSHA |
||
| 100 | _aShareef,Khalid | ||
| 245 | _aUrdu k Shahkar Afsanay | ||
| 260 |
_aلاہور: _bماوراء پبلشرز, _c2015 |
||
| 300 | _a192p. | ||
| 563 | _aHB | ||
| 880 |
_6100-01\(3\r _aخالد شریف |
||
| 880 |
_6245-02\(3\r _aاردو کے شاہکار افسانے |
||
| 942 |
_2ddc _cBK |
||
| 999 |
_c614344 _d614344 |
||